000 00231nam a22000857a 4500
008 160804b xxu||||| |||| 00| 0 eng d
100 _919
_aEgmont
245 _aThe Seven Crystal Balls
_bTin Tin
260 _aUSA
_bMacmillan Publication
_c2009
999 _c2669
_d2669